000 00527nam a2200205Ia 4500
003 GCL
008 140319s9999 xx 000 0 eng d
040 _aGCL /
_cGCL
082 0 4 _a823
_bA G
100 1 _aANDREWS, VIRGINIA.
245 1 0 _aGARDEN OF SHADOWS /
_cANDREWS, VIRGINIA.
260 _a[S.N] :
_bHARPER COLLINS COLLEGE PUBLISBERS ،
_c1993
300 _a376 P.
650 0 4 _aENGLISH LITERATURE
650 0 4 _aLITERATURE
650 0 4 _aENGLISH FICTION
650 0 4 _aNOVELS
650 0 4 _aFICTION
942 _2ddc
_cBK
999 _c13056
_d13056